Verbandstheoretische Dualität in Kombinatorischen Geometrien und Orientierten Matroiden
Guardado en:
| Autor principal: | |
|---|---|
| Formato: | Libro |
| Lenguaje: | alemán |
| Publicado: |
Bonn
Rheinische Friedrich-Wilhelms-Universität
1985
|
| Edición: | 1. Aufl. |
| Colección: | Report
No.85.15 |
| Etiquetas: |
Sin Etiquetas, Sea el primero en etiquetar este registro!
|
MARC
| LEADER | 00000nam a2200000 4500 | ||
|---|---|---|---|
| 001 | c028202 | ||
| 005 | 20221220080557.1 | ||
| 041 | 0 | |a ger | |
| 044 | |a DE | ||
| 245 | 1 | 0 | |a Verbandstheoretische Dualität in Kombinatorischen Geometrien und Orientierten Matroiden |c Walter Kern |
| 250 | |a 1. Aufl. | ||
| 264 | 1 | |a Bonn |b Rheinische Friedrich-Wilhelms-Universität |c 1985 | |
| 300 | |a 57 s. | ||
| 490 | 1 | |a Report |v No.85.15 | |
| 830 | 0 | |a Report |v No.85.15 | |
| 100 | 1 | |a Kern, Walter | |